Estadísticas para Países con el mayor IDH con excepciones

Haz click aquí para intentar la prueba.

Estadísticas generales

  • Esta prueba ha sido intentada 1.415 veces
    (206 desde el último reinicio)
  • La puntuación promedio es 17 de 20

Estadísticas de respuestas

IDHPaís% Correcto
0,946Australia
98%
0,920Japón
98%
0,935Canadá
97%
0,927Estados Unidos
97%
0,939Nueva Zelanda
97%
0,875Catar
95%
0,929Corea del Sur
94%
0,860Chile
92%
0,937Emiratos Árabes Unidos
92%
0,949Singapur
92%
0,849Argentina
90%
0,915Israel
90%
0,875Arabia Saudita
86%
0,888Baréin
85%
0,847Kuwait
84%
0,830Uruguay
82%
0,855Turquía
73%
0,907Chipre
61%
0,826Antigua y Barbuda
37%
0,838San Cristóbal y Nieves
34%

Distribución de puntuación

Porcentaje por número respondido

Porcentaje de gente con cada puntuación

Historial de tus puntuaciones

No has intentado esta prueba desde el último reinicio